000 00504nam a2200193Ia 4500
003 OSt
005 20260214103140.0
008 210210b1966 xxu||||| |||| 00| 0 eng d
040 _aAL
_c
041 _aeng
082 _a821/800
100 _aUniversity of Mysore
_925551
245 _aAnthology of English Poetry for Degree Classes
260 _aMysore
_bUniversity of Mysore
_c1966
690 _aEnglish Poetry
_925559
700 _aNarasimhaiah C D
_9166129
906 _a011966
942 _2ddc
_cBK
999 _c130712
_d130712